A quelle mythologie appartient ce dieu ou cette déesse ? (1) - Statistiques

Statistiques générales
  • Ce quiz a été pris 104 fois
  • Le résultat moyen est 6 sur 26
Statistiques - réponses
Hint Réponse % Correct
Artémis grecque
91%
Seth égyptienne
76%
Saturne romaine
67%
Zhurong chinoise
56%
Ometeotl aztèque
49%
Janus romaine
45%
Dana celtique
28%
Hel germanique
22%
Xmulzencab maya
20%
Anna celtique
18%
Padma hindoue
16%
Xbaquiyalo maya
13%
Akka finnoise
12%
Zywienia slave
12%
Xquic maya
11%
Caishenye chinoise
10%
Jumala finnoise
10%
Ahriman perse
10%
Didilia slave
10%
Ninutyz mésopotamienne
9%
Nit berbère
8%
Hunahpu maya
6%
An mésopotamienne
4%
Péroun slave
4%
Inmar finnoise
2%
Ahti finnoise
1%
Aucun quiz correspondant
Distribution des résultats
% des personnes avec chaque résultat
Percentile par nombre de réponses
Votre historique - résultats
Vous n’avez pas pris ce quiz